[Event "Sigeman & Co 12th"]
[Site "Malmo/Copenhagen"]
[Date "2004.05.06"]
[Round "6"]
[White "Carlsen, Magnus"]
[Black "Nielsen, Peter Heine"]
[Result "1-0"]
[WhiteElo "2552"]
[BlackElo "2628"]
[Annotator "Huebner,Robert"]
[PlyCount "79"]
[EventDate "2004.04.30"]
[EventType "tourn"]
[EventRounds "9"]
[EventCountry "SWE"]
[EventCategory "13"]
[SourceTitle "CBM 101"]
[Source "ChessBase"]
[SourceDate "2004.07.27"]
[SourceVersion "1"]
[SourceVersionDate "2004.07.27"]
[SourceQuality "1"]

{[%mdl 1]} 1. d4 d5 2. c4 c6 3. Nf3 Nf6 4. Nc3 dxc4 5. a4 Bf5 6. Nh4 Bg4 7. h3 Bh5 8. g4 Bg6 9. Nxg6 hxg6 10. e3 e6 11. Bxc4 Bb4 12. Bd2 (12. Qf3 Qa5 13. Bd2 Nbd7 14. h4 Nb6 15. Bb3 Rd8 16. g5 Nfd5 17. Rc1 c5 18. h5 cxd4 19. exd4 Rxh5 20. Rxh5 gxh5 21. Qxh5 g6 $11 {1-0 Sokolov,I-Hillarp Persson,T/Reykjavik 2000/CBM 75 ext (46). (45)}) 12... Nbd7 13. g5 Nd5 14. e4 N5b6 15. Bb3 a5 16. Qe2 c5 $146 (16... e5 17. dxe5 Nxe5 18. O-O-O {geschah in der Partie Carlsen-Andriasjan, U14-EM 2003, siehe "Schach" 6/2004, S.42.}) ({RR} 16... e5 17. dxe5 Nxe5 18. O-O-O Nd3+ 19. Kb1 Nc5 20. Nb5 Nxb3 21. Bxb4 axb4 22. Rxd8+ Rxd8 23. Nc7+ Ke7 24. Qc2 Nc4 25. h4 Nba5 26. Rd1 b3 27. Qe2 Rxd1+ 28. Qxd1 Rd8 29. Nd5+ cxd5 30. exd5 Re8 31. Qd4 {Carlsen,M (2385)-Andriasian,Z (2311) Budva 2003 0-1 (34)}) 17. d5 c4 {Schwarz rechnet damit, daß nach der Öffnung der Stellung, die dieses Bauernopfer bewirkt, der König des Weißen keinen sicheren Platz finden kann.} (17... e5 18. h4 {überläßt dem Weißen in der Tat ohne weiteres großen positionellen Vorteil.}) (17... exd5 {ist jedoch möglicherweise spielbar:} 18. Bxd5 (18. exd5+ Kf8 19. O-O-O Bxc3 20. bxc3 c4 21. Bxc4 (21. Bc2 Nc5 {ist nicht besser.}) 21... Nxa4 {mit unklarer Lage.}) (18. Nxd5 Bxd2+ 19. Qxd2 c4 20. Bc2 Nxd5 21. Qxd5 Qc7 22. O-O-O Rd8 {Weiß hat keinen Vorteil.}) 18... Bxc3 19. Bxc3 (19. bxc3 {kommt auch in Betracht:} Nxd5 20. exd5+ Kf8 {Die Beurteilung dieser Stellung fällt mir schwer. Schwarz hat Löcher auf der b-Linie, und Weiß hat einen aktiven Läufer; andererseits ist es schwer für Weiß, seinem König einen sicheren Unterschlupf zu bauen, und seine Bauernstellung am Königsflügel ist verzogen. Vielleicht ist die Lage in etwa im Gleichgewicht, zum Beispiel} 21. Kf1 Nb6 22. c4 Nc8) 19... Nxd5 20. exd5+ Kf8 21. Qe3 (21. h4 Qc7 {ist ähnlich.}) 21... Qc7 22. O-O-O Re8 23. Qf3 Qd6 {Das Spiel des Weißen sieht bequemer aus, aber klar ist die Lage nicht.}) 18. Bxc4 Nxc4 19. Qxc4 O-O 20. O-O-O (20. dxe6 Ne5 21. Qd5 Qc7 {(P. Nielsen, "Schach" 6/2004, S.43) überläßt dem Schwarzen eine gefährliche Initiative, zum Beispiel} 22. exf7+ Rxf7 23. O-O-O Rd8 24. Qe6 Nd3+ (24... Nf3 {ist ebenfalls eine sehr wirksame Fortsetzung.}) 25. Kb1 Nxf2 26. Nd5 Qc6 27. Qxc6 bxc6 28. Bxb4 cxd5 29. Bxa5 Ra8 30. Bb6 Nxh1 31. Rxh1 dxe4 {mit Vorteil für Schwarz.}) 20... Rc8 21. Qe2 (21. Qb5 {verspricht vielleicht etwas mehr:} Nc5 (21... Rc5 22. Qxb7 exd5 23. Be3 Rc7 24. Qxd5 Bxc3 25. bxc3 Rxc3+ 26. Kd2 Qc7 27. Rc1 {ergibt Vorteil für Weiß.}) 22. Kb1 exd5 23. Nxd5 ({Auf} 23. Be3 {folgt} Qe7) (23. exd5 Bxc3 24. Bxc3 Qxg5 {ist befriedigend für Schwarz.}) 23... Bxd2 24. Rxd2 Qxg5 25. f4 Qh4 26. e5 {Weiß steht besser.}) 21... exd5 22. Kb1 $1 (22. exd5 Nb6 23. Kb1 Bxc3 24. Bxc3 Nxa4 {ist unbefriedigend für Weiß.}) 22... Bxc3 $6 {Nach dieser Fortsetzung behält Weiß bedeutenden positionellen Vorteil: sein Läufer ist dem gegnerischen Springer weit überlegen. Es gab zwei bessere Fortsetzungen:} (22... dxe4 23. Nxe4 Qc7 24. Bxb4 axb4 25. Nd6 {(mit leichtem Vorteil für Weiß, Carlsen, siehe "Schach" 6/2004, S.43)} Ra8 {genügt meines Erachtens zum Ausgleich, zum Beispiel} 26. Qc4 (26. Qb5 Nc5 {ist angenehm für Schwarz.}) ({Nach} 26. Nb5 Qc6 {hängt der Turm auf h1, so daß Weiß nicht 27.Td6 spilen kann; Schwar kommt zu Sd7-c5 mit gutem Spiel.}) 26... Qa5 27. b3 Qxg5 {usw.}) (22... Qc7 23. exd5 (23. Rc1 Qe5 24. f4 Qe6 {ist gut für Schwarz.}) 23... Nb6 {(P. Nielsen, "Schach" 6/2004, S.43) nebst Sb6-c4 führt ebenfalls zu befriedigendem Spiel für Schwarz.}) 23. Bxc3 Nc5 24. Rxd5 Qe8 {Jetzt kann man den Unterschied zwischen den Zügen 22.Kb1 und 22.ed5: sehen: statt eines Bauern steht der Turm des Weißen auf d5 und entfaltet eine wirksame Aktivität.} 25. f3 b6 ({Ich hätte} 25... Qxa4 26. Qd1 Qxd1+ (26... Nb3 {wird mit} 27. Rxa5 {widerlegt.}) 27. Rhxd1 b6 {versucht. Im Endspiel hat Schwarz meines Erachtens die besten Rettungsaussichten. Mit den Damen auf dem Brett ist es schwierig, gegen die Folge h3-h4-h5 einen wirksamen Plan zu entwerfen. Der Läufer des weißen ist übermächtig und vereitelt auch alle Angriffsversuche des Schwarzen aufs gründlichste.}) 26. Qe3 Nxa4 ({Auch hier hätte Schwarz noch Damentausch anstreben können:} 26... Qxa4 27. Qd4 Qxd4 28. Bxd4 Rc6 29. Rc1 Rfc8 {mit Rettungsaussichten.}) 27. Bd4 Rc4 $2 {Damit erreicht Schwarz nichts; sein Turm verstopft nur die c-Linie. Nach} (27... Qc6 28. Rc1 (28. h4 Qc2+ 29. Ka1 Rc4 {ist nicht im Sinne des Weißen.}) 28... Qe6 {wäre der Turm des Weißen von der h-Linie abgelenkt, und Schwarz behielte Überlebensaussichten.}) 28. h4 Qc6 29. h5 gxh5 30. Rxh5 Rc8 31. Rh1 {Jetzt ist der Angriff des Weißen unwiderstehlich.} Rc2 (31... Nc5 32. Bxg7 Kxg7 33. g6 Qxg6 ({Nach} 33... fxg6 34. Qh6+ Kf7 35. Qh7+ Kf6 36. Rg1 {wird Weiß bald mattsetzen.}) 34. Rg5 {ist ebenfalls hoffnungslos für Schwarz.}) 32. g6 f6 {Schwarz hat keine Rettung.} (32... Rxb2+ {wird mit} 33. Ka1 {beantwortet.}) (32... Qxg6 33. Rg5 {ist ebenfalls hoffnungslos.}) (32... fxg6 33. Rh8+ Kf7 34. Qf4+ {gewährt dem Schwarzen ebenfalls keine Freude.}) 33. Rdh5 Kf8 34. Qa3+ (34. e5 fxe5 35. Rh8+ {gewinnt ebenfalls mühelos.}) 34... Ke8 35. Rh8+ Kd7 36. Rxc8 Kxc8 37. Qe7 Qc7 38. Qe8+ Kb7 39. Qxa4 Rc4 40. Qd1 1-0

[Event "Sigeman & Co 12th"]
[Site "Malmo/Copenhagen"]
[Date "2004.05.09"]
[Round "9"]
[White "Carlsen, Magnus"]
[Black "Agrest, Evgenij"]
[Result "1-0"]
[WhiteElo "2552"]
[BlackElo "2601"]
[PlyCount "105"]
[EventDate "2004.04.30"]
[EventType "tourn"]
[EventRounds "9"]
[EventCountry "SWE"]
[EventCategory "13"]
[SourceTitle "CBM 101"]
[Source "ChessBase"]
[SourceDate "2004.07.27"]
[SourceVersion "1"]
[SourceVersionDate "2004.07.27"]
[SourceQuality "1"]

1. d4 {ChessBase II} d5 2. c4 c6 3. Nf3 Nf6 4. Nc3 a6 5. a4 g6 6. Bf4 Bg7 7. e3 O-O 8. Qb3 ({RR} 8. Be2 a5 9. Qb3 dxc4 10. Bxc4 Nh5 11. Be5 Nd7 12. Ng5 e6 13. Bxg7 Kxg7 14. h4 Qe7 15. O-O-O Qb4 16. Qa2 Nb6 17. Be2 Nf6 18. e4 h6 19. e5 Nfd5 20. Nge4 c5 21. Nxc5 Nxc3 22. bxc3 Qxc3+ {Sandipan,C (2641)-Kamsky,G (2730) Moscow 2011 0-1 (49)}) ({RR} 8. Bd3 Be6 9. Ng5 Bg4 10. Qb3 Bc8 11. h3 Nh5 12. Bxb8 Rxb8 13. cxd5 e6 14. Nf3 exd5 15. g4 Nf6 16. Ne5 Nd7 17. Nxd7 Bxd7 18. f4 Re8 19. Kd2 b5 20. axb5 axb5 21. Ra7 Ra8 22. Rha1 Rxa7 {Kieu,B (1946)-Nguyen,H (1924) Hanoi 2020 0-1 (126)}) 8... Qa5 9. Qa3 Qd8 ({RR} 9... Re8 10. Be2 Bg4 11. O-O ({RR} 11. c5 Nbd7 12. O-O Ne4 13. Rfe1 Qd8 14. Qb4 b6 15. cxb6 a5 16. Qb3 Qxb6 17. Qxb6 Nxb6 18. Nxe4 dxe4 19. Ng5 Bxe2 20. Rxe2 Nd5) 11... Ne4 12. Qb3 Ra7 13. Rfd1 e6 14. h3 Bxf3 15. Bxf3 f5 16. cxd5 ({RR} 16. Rac1) 16... cxd5 17. Bxe4 fxe4 18. Bxb8 Rxb8 19. Rac1 Raa8 20. Ne2 b5 21. axb5 Qxb5 22. Qxb5 Rxb5 23. Nf4 Rb6 24. Rc7 {Agrest,E (2591)-Roos,D (2410) France 2006 EXT 2007 [ChessBase II] ½-½ (47)}) 10. Be2 a5 $146 ({RR} 10... dxc4 11. Bxc4 Nbd7 12. a5 Nh5 13. Bg5 Nhf6 14. O-O h6 15. Bh4 g5 16. Bg3 Nh5 17. Rfd1 Nxg3 18. hxg3 g4 19. Ne1 e6 20. Nd3 h5 21. Ne4 h4 22. gxh4 Qxh4 23. g3 Qh7 24. Nd6 e5 25. dxe5 {Bukal,V (2423)-Paljusaj,E (2352) Zadar 2011 1-0}) 11. O-O Na6 12. cxd5 Nxd5 13. Nxd5 cxd5 14. Rfc1 Bg4 15. Qb3 Ra7 16. Rc3 b6 17. Bxa6 Rxa6 18. Ne5 Bxe5 19. Bxe5 Ra7 20. Rac1 Qd7 21. h3 Be2 22. Qxb6 Rb7 23. Rc7 Rxb6 24. Rxd7 Bc4 25. Rxe7 Rxb2 26. Ra7 f6 27. Bd6 Rf7 28. Rxa5 Rfb7 29. Ra1 Kf7 30. Rc5 Ke6 31. Bg3 Kf5 32. a5 Rb1+ 33. Rxb1 Rxb1+ 34. Kh2 Rb5 35. Rc7 Rxa5 36. Rxh7 Ra2 37. Rf7 Ke6 38. Rg7 Bd3 39. Bh4 Be4 40. Rb7 g5 41. Bg3 f5 42. Rg7 f4 43. exf4 gxf4 44. Bxf4 Rxf2 45. Be5 Rf7 46. Rxf7 Kxf7 47. g4 Bf3 48. Kg3 Bd1 49. h4 Ke6 50. h5 Ba4 51. Kh4 Bb5 52. Kg5 Be2 53. Kg6 1-0

[Event "Stjernespretten Grand Prix"]
[Site "Oslo"]
[Date "2004.05.15"]
[Round "4"]
[White "Carlsen, Magnus"]
[Black "Lie, Kjetil A"]
[Result "0-1"]
[WhiteElo "2552"]
[BlackElo "2430"]
[PlyCount "80"]
[EventDate "2004.05.15"]
[EventType "swiss"]
[EventCountry "NOR"]
[SourceTitle "EXT 2023"]
[Source "ChessBase"]
[SourceDate "2022.10.05"]
[SourceVersion "1"]
[SourceVersionDate "2022.10.05"]
[SourceQuality "1"]

1. d4 Nf6 2. Bg5 Ne4 3. Bf4 c5 4. f3 Qa5+ 5. c3 Nf6 6. Nd2 cxd4 7. Nb3 Qb6 8. Qxd4 Nc6 9. Qxb6 axb6 10. Nd4 Ra5 11. b4 ({RR} 11. Bg3 e5 12. Nb3 Ra8 13. e4 d5 14. exd5 Nxd5 15. Bb5 Be6 16. Bxe5 Ne3 17. Nd4 Ra5 18. Kf2 Nf5 19. Nxe6 fxe6 20. Bxc6+ bxc6 21. Bd4 Nxd4 22. cxd4 c5 23. dxc5 Bxc5+ 24. Kg3 Bd4 25. Ne2 Bxb2 {Perhinig,R (2228)-Lie,K (2529) Pula 2007 ½-½ (57)}) 11... Ra4 $146 ({RR} 11... Nxd4 12. cxd4 Ra8 13. e4 e6 14. Bd2 Be7 15. Bb5 O-O 16. Ne2 d6 17. Kf2 Bd7 18. Bxd7 Nxd7 19. Rhc1 Rfc8 20. a4 Kf8 21. Nc3 Nf6 22. Nb5 d5 23. e5 Nd7 24. Nc7 Rab8 25. f4 Bd8 26. Nb5 {Korobkov,P (2516)-Turutin,A (2321) Zvenigorod 2008 1-0 (41)}) ({RR} 11... Nxd4 12. cxd4 Ra4 13. Rc1 Ra8 14. e4 e5 15. dxe5 Bxb4+ 16. Kd1 Nh5 17. Be3 d6 18. g4 dxe5 19. gxh5 Be6 20. Bc4 Ke7 21. Bxe6 Kxe6 22. Rc2 Rhd8+ 23. Ke2 Ra3 24. Rb2 Rdd3 25. Rxb4 Rxe3+ 26. Kf2 {Schneider,I (2479)-Weller,M (2237) Magdeburg 2020 1-0}) ({RR} 11... Nxd4 12. cxd4 Ra8 13. e4 e6 14. Bd2 d6 15. Ne2 Be7 16. Nc3 O-O 17. Bd3 Bd7 18. a4 Rfc8 19. Ke2 d5 20. Rhb1 dxe4 21. fxe4 Bc6 22. h3 Rd8 23. Be3 Ne8 24. d5 exd5 25. exd5 Bxd5 26. Bxb6 {Offinger,R (2256)-Graf,R (2208) Germany 2008 ½-½ (43)}) 12. e4 ({RR} 12. Nb5 g6 13. e4 Bg7 14. Nc7+ Kf8 15. Bb5 Ra3 16. Ne2 Nh5 17. Bc1 Rxc3 18. Bb2 Rc2 19. Bxg7+ Kxg7 20. Nd5 e6 21. Ne3 Rb2 22. a3 d5 23. Nd1 Rxe2+ 24. Bxe2 Nd4 25. Ne3 Nf4 26. Bf1 dxe4 {Torre,E (2560)-Svidler,P (2690) Bad Homburg 1998 ½-½ (60)}) 12... g6 13. Bb5 Ra3 14. Nge2 Bg7 15. O-O O-O 16. Bc1 Ra8 17. Be3 e5 18. Nb3 d5 19. Ng3 d4 20. Bxc6 dxe3 21. Bb5 Be6 22. Rfe1 Rfc8 23. c4 Bxc4 24. Bxc4 Rxc4 25. Rxe3 Rxb4 26. Rd3 Bf8 27. Ne2 Ne8 28. Rdd1 Nc7 29. Nc3 Rc4 30. Rac1 Ba3 31. Rc2 Nb5 32. Rd3 Bb4 33. Nd5 Rxc2 34. Nxb4 Rc4 35. Nd5 Rxa2 36. h4 Rcc2 37. g4 Nd4 38. g5 Nxb3 39. Nf6+ Kg7 40. Rd8 Rc1+ 0-1

[Event "NOR-chTA final"]
[Site "Trondheim"]
[Date "2004.05.22"]
[Round "4.1"]
[White "Gausel, Einar"]
[Black "Carlsen, Magnus"]
[Result "1/2-1/2"]
[WhiteElo "2520"]
[BlackElo "2552"]
[PlyCount "53"]
[EventDate "2004.05.19"]
[EventType "team"]
[EventRounds "5"]
[EventCountry "NOR"]
[SourceTitle "CBM 100 Extra"]
[Source "ChessBase"]
[SourceDate "2004.07.06"]
[SourceVersion "2"]
[SourceVersionDate "2004.07.06"]
[SourceQuality "1"]
[WhiteTeam "03"]
[BlackTeam "06"]
[WhiteTeamCountry "NOR"]
[BlackTeamCountry "NOR"]

1. d4 Nf6 2. Nf3 g6 3. c4 Bg7 4. Nc3 d5 5. cxd5 Nxd5 6. e4 Nxc3 7. bxc3 c5 8. Bb5+ Nc6 9. O-O O-O 10. Be3 Bg4 11. d5 Ne5 12. Be2 Nxf3+ 13. Bxf3 Bxf3 14. Qxf3 Bxc3 15. Rab1 Qd6 ({RR} 15... b6 16. Bxc5 Rc8 17. Ba3 Qd7 18. Rbc1 Be5 19. g3 Rxc1 20. Rxc1 f5 21. Rc6 fxe4 22. Qxe4 Bd6 23. Bxd6 exd6 24. h4 Re8 25. Rxd6 Rxe4 26. Rxd7 Rd4 27. Kg2 a5 28. Kf3 b5 29. Ke3 Rd1 30. Ke4 {Carlsen,M (2837)-Vachier Lagrave,M (2723) chess.com INT 2025 1-0 (43)}) 16. Bh6 $146 ({RR} 16. Rfc1 Bd4 17. Rxb7 Rfb8 18. Rxb8+ Rxb8 19. g3 Rb4 20. Bf4 Be5 21. Bh6 Bd4 22. Rc2 Qa6 23. Kg2 Rb1 24. Qe2 Qb7 25. Qd3 a5 26. Bd2 Rd1 27. Rc1 Rxc1 28. Bxc1 Kf8 29. Qc2 Qa6 30. Bh6+ Ke8 {Pham,C (2313)-Nguyen,H (2156) Hue 2005 1-0 (34)}) 16... Bg7 17. Bxg7 Kxg7 18. Qc3+ Kg8 19. Rxb7 Rfb8 20. Qb3 a6 21. Rb1 Rxb7 22. Qxb7 Rd8 23. g3 Qe5 24. Qb6 Re8 25. Qc6 Rd8 26. Qb6 Re8 27. Qc6 1/2-1/2

[Event "NOR-chTA final"]
[Site "Trondheim"]
[Date "2004.05.23"]
[Round "5.1"]
[White "Carlsen, Magnus"]
[Black "Lie, Kjetil A"]
[Result "0-1"]
[WhiteElo "2552"]
[BlackElo "2430"]
[PlyCount "88"]
[EventDate "2004.05.19"]
[EventType "team"]
[EventRounds "5"]
[EventCountry "NOR"]
[SourceTitle "CBM 100 Extra"]
[Source "ChessBase"]
[SourceDate "2004.07.06"]
[SourceVersion "2"]
[SourceVersionDate "2004.07.06"]
[SourceQuality "1"]
[WhiteTeam "06"]
[BlackTeam "04"]
[WhiteTeamCountry "NOR"]
[BlackTeamCountry "NOR"]

1. d4 Nf6 2. Bg5 Ne4 3. Bh4 d5 4. f3 Nd6 5. Nc3 Nf5 6. Bf2 e5 7. dxe5 d4 8. e4 dxc3 9. Qxd8+ Kxd8 10. O-O-O+ Ke8 11. exf5 cxb2+ 12. Kxb2 Bxf5 13. Ne2 Nc6 14. Nc3 a6 $146 ({RR} 14... h5 15. f4 Rh6 16. Nd5 Rc8 17. Bh4 Bc5 18. Bg5 Rg6 19. Bd3 Bxd3 20. Rxd3 Nb4 21. Nxb4 Bxb4 22. Rb3 Rb6 23. f5 Be7 24. Be3 Rxb3+ 25. axb3 Rd8 26. Re1 a6 27. Bf4 Rd4 28. g3 Kf8 29. c3 {Danielian,O (2445)-Tkachiev,V (2510) Cappelle la Grande 1994 ½-½ (54)}) 15. f4 Rd8 16. Be2 h5 17. Bf3 Rh6 18. Nd5 Rd7 19. Ne3 Rxd1 20. Rxd1 Bd7 21. Nd5 Kd8 22. Bh4+ Kc8 23. h3 Bc5 24. c3 Rh8 25. Be4 Re8 26. Bf6 Bf8 27. Bh4 Bc5 28. Bf3 Rh8 29. Bg5 Bf5 30. Re1 Kb8 31. Be4 Bc8 32. Bd3 Re8 33. Be2 Nxe5 34. fxe5 Rxe5 35. Bf4 Rxd5 36. Bf3 Rf5 37. Bh2 Be6 38. Rd1 Be7 39. Bg1 Rb5+ 40. Ka1 Ra5 41. Rd2 Bf6 42. Bd4 Bxd4 43. cxd4 Bd5 44. Bxh5 Bxa2 0-1

[Event "FIDE-Wch k.o."]
[Site "Tripoli"]
[Date "2004.06.20"]
[Round "1.4"]
[White "Carlsen, Magnus"]
[Black "Aronian, Levon"]
[Result "0-1"]
[WhiteElo "2552"]
[BlackElo "2645"]
[PlyCount "164"]
[EventDate "2004.06.19"]
[EventType "k.o."]
[EventRounds "7"]
[EventCountry "LBY"]
[SourceTitle "CBM 102"]
[Source "ChessBase"]
[SourceDate "2004.09.23"]
[SourceVersion "1"]
[SourceVersionDate "2004.09.23"]
[SourceQuality "1"]

1. d4 Nf6 2. Bg5 e6 3. e4 h6 4. Bxf6 Qxf6 5. Nc3 Bb4 6. Qd2 d6 7. Nge2 Nc6 ({RR} 7... e5 8. O-O-O O-O 9. f3 Nc6 10. a3 Bxc3 11. Qxc3 exd4 12. Nxd4 Nxd4 13. Rxd4 Be6 14. Qd2 Rad8 15. Be2 Qg5 16. g3 Qxd2+ 17. Rxd2 f5 18. exf5 Rxf5 19. f4 Rf6 20. Bf3 b6 21. Re1 Kf8 22. Rde2 {Nakamura,H (2768)-Jobava,B (2578) chess.com INT 2023 1-0 (71)}) 8. a3 $146 ({RR} 8. f4 e5 9. d5 Nd4 10. a3 Nxe2 11. Bxe2 Bxc3 12. Qxc3 Qxf4 13. Qxc7 O-O 14. Bf3 Qe3+ 15. Kd1 Bh3 16. Re1 Qf2 17. Qxd6 Rac8 18. Rc1 Rc4 19. c3 Bxg2 20. Bxg2 Qxg2 21. Re2 Qf3 22. Qxe5 f5 {Purtseladze,M (2274)-Krysa,L (2527) Chess.com INT 2021 0-1}) ({RR} 8. f4 e5 9. d5 Nd4 10. a3 Nxe2 11. Bxe2 Bxc3 12. Qxc3 Qxf4 13. Qxc7 O-O 14. Bf3 Qe3+ 15. Kd1 Bh3 16. Re1 Qf2 17. Qxd6 Rac8 18. Rc1 Rc4 19. c3 Bxg2 20. Bxg2 Qxg2 21. Re2 Qf3 22. Qxe5 f5 {Purtseladze,M (2274)-Krysa,L (2527) Chess.com INT 2021 0-1}) 8... Bxc3 9. Qxc3 O-O 10. f4 e5 11. dxe5 dxe5 12. f5 g6 13. g4 h5 14. h3 Rd8 15. Qe3 b6 16. g5 Qd6 17. Nc3 Qd4 18. Qxd4 Nxd4 19. O-O-O gxf5 20. Bc4 Kg7 21. exf5 Bxf5 22. Rhf1 Rf8 23. h4 c6 24. Ne2 Nxe2+ 25. Bxe2 Bg6 26. Rd7 Rad8 27. Rxa7 Rd4 28. Rh1 Rfd8 29. Re7 R8d5 30. Bd3 Bxd3 31. cxd3 Rf4 32. Kd2 e4 33. Ke3 Rf3+ 34. Ke2 Rdxd3 35. Rxe4 Rb3 36. a4 c5 37. Re7 Rf4 38. Rb7 Rxb2+ 39. Ke3 Rbb4 40. Rg1 Rbe4+ 41. Kd3 Rd4+ 42. Ke3 Rde4+ 43. Kd3 Rg4 44. Rf1 Rgf4 45. Rxf4 Rxf4 46. Rxb6 Rxa4 47. Rc6 Rxh4 48. Rxc5 Rg4 49. Ke3 Kg6 50. Kf3 Rxg5 51. Rc6+ f6 52. Rc4 Rg1 53. Rc8 Rg4 54. Rg8+ Kf5 55. Rh8 Rg5 56. Rh6 Ke5 57. Rh8 Rf5+ 58. Ke3 Kd5 59. Ra8 Ke6 60. Ra7 Rb5 61. Kf4 Rb4+ 62. Kf3 Kf5 63. Ra5+ Kg6 64. Ra8 h4 65. Ra5 Rb3+ 66. Kg4 h3 67. Rg5+ Kf7 68. Rh5 Ke6 69. Rh8 Rc3 70. Kf4 Kf7 71. Kg4 Kg6 72. Kf4 Rc2 73. Kg3 h2 74. Kf3 Kf5 75. Rh5+ Ke6 76. Rh8 Ke5 77. Re8+ Kd4 78. Rd8+ Kc3 79. Rh8 Rd2 80. Kg3 Kd3 81. Kf3 Kc2 82. Kg3 Kd1 0-1

[Event "NOR-ch"]
[Site "Molde"]
[Date "2004.07.04"]
[Round "2"]
[White "Nordahl, Helge Andreas"]
[Black "Carlsen, Magnus"]
[Result "0-1"]
[WhiteElo "2359"]
[BlackElo "2552"]
[PlyCount "94"]
[EventDate "2004.07.03"]
[EventType "swiss"]
[EventRounds "9"]
[EventCountry "NOR"]
[SourceTitle "CBM 101 Extra"]
[Source "ChessBase"]
[SourceDate "2004.09.01"]
[SourceVersion "2"]
[SourceVersionDate "2004.09.01"]
[SourceQuality "1"]

1. d4 Nf6 2. c4 e6 3. Nf3 b6 4. a3 Bb7 5. Nc3 d5 6. cxd5 Nxd5 7. e3 g6 8. Bb5+ c6 9. Bd3 Bg7 10. Nxd5 exd5 11. O-O O-O 12. b4 Nd7 13. Rb1 a5 $146 ({RR} 13... Re8 14. Qb3 a5 15. Bd2 a4 16. Qa2 Kh8 17. Rbc1 Re7 18. Rfe1 f5 19. Bc3 {½-½ (19) Jonsson,B-Bruk,O Groningen 1983}) ({RR} 13... b5 14. a4 a6 15. a5 Nf6 16. Nd2 Ne8 17. Nb3 Nd6 18. Rb2 Bc8 19. Rc2 Bd7 20. f3 Ra7 21. Kh1 Re8 22. Qe2 Qa8 23. Bb2 Bf5 24. Bxf5 gxf5 25. Qf2 Nc4 26. Bc1 Qd8 27. Nc5 Qf6 28. Nd3 {Hernandez Onna,R (2367)-Hernandez Carmenates,H (2446) Santa Clara 2005 1-0 (54)}) 14. Bd2 axb4 15. axb4 b5 16. Bc3 Nb6 17. Ne5 Nc4 18. Nxc4 dxc4 19. Be4 Qe7 20. Bf3 Ra3 21. Qd2 Rfa8 22. Ra1 Bf8 23. Rxa3 Rxa3 24. Rb1 Qf6 25. Ra1 Rxa1+ 26. Bxa1 Bg7 27. Qc2 Bc8 28. Qe4 Bd7 29. Bc3 h5 30. g3 Qd8 31. h4 Qa8 32. Qc2 Bf5 33. e4 Be6 34. Qb2 Qa4 35. Kh2 Bd7 36. Qa1 Qc2 37. Qe1 Bg4 38. Bxg4 hxg4 39. e5 Kf8 40. Qd2 Qxd2 41. Bxd2 f6 42. Bc3 fxe5 43. dxe5 Ke7 44. Kg2 Ke6 45. f4 gxf3+ 46. Kxf3 Bxe5 47. Be1 c3 0-1

[Event "NOR-ch"]
[Site "Molde"]
[Date "2004.07.06"]
[Round "4"]
[White "Johannessen, Leif Erlend"]
[Black "Carlsen, Magnus"]
[Result "0-1"]
[WhiteElo "2521"]
[BlackElo "2552"]
[PlyCount "96"]
[EventDate "2004.07.03"]
[EventType "swiss"]
[EventRounds "9"]
[EventCountry "NOR"]
[SourceTitle "CBM 101 Extra"]
[Source "ChessBase"]
[SourceDate "2004.09.01"]
[SourceVersion "2"]
[SourceVersionDate "2004.09.01"]
[SourceQuality "1"]

1. d4 Nf6 2. c4 c6 3. Nc3 d5 4. Nf3 a6 5. c5 Nbd7 6. Bf4 Nh5 7. e3 Nxf4 8. exf4 b6 9. b4 g6 10. Bd3 Bg7 11. Rc1 O-O 12. O-O a5 13. b5 Bb7 14. Na4 bxc5 $146 ({RR} 14... Rc8 15. Qb3 bxc5 16. dxc5 e5 17. fxe5 Nxe5 18. Nxe5 Bxe5 19. Nb6 Rb8 20. bxc6 Bxc6 21. Bb5 Bxb5 22. Qxb5 Bc7 23. Rb1 Re8 24. Qc6 Bxb6 25. cxb6 Re6 26. Qc7 Qd6 27. Qa7 Rxb6 28. Rxb6 Qxb6 29. Qa8+ {Babujian,L (2468)-Petrosyan,T (2244) Kajaran 2011 1-0 (67)}) 15. Nxc5 Nxc5 16. Rxc5 cxb5 17. Bxb5 Rc8 18. Rxc8 Bxc8 19. Qd2 Qb6 20. a4 Bg4 21. Ne5 Bxe5 22. fxe5 Rc8 23. h3 Be6 24. Rd1 Kg7 25. Kh2 Bf5 26. Qg5 Qa7 27. Kg1 Rc3 28. Bf1 Qc7 29. Bb5 h6 30. Qf4 Bc2 31. Be8 Bf5 32. Bb5 Qc8 33. h4 Rc2 34. Kh2 Rb2 35. Kg1 Rb4 36. Qe3 Qc2 37. Qd2 Qe4 38. Bc6 Be6 39. Qc3 Qe2 40. Re1 Qc4 41. Rc1 Qxc3 42. Rxc3 Rxd4 43. Rc5 Rc4 44. Rxc4 dxc4 45. Kf1 c3 46. Ke2 c2 47. Kd2 Bb3 48. f4 f6 0-1

[Event "NOR-ch"]
[Site "Molde"]
[Date "2004.07.07"]
[Round "6"]
[White "Carlsen, Magnus"]
[Black "Ostenstad, Berge"]
[Result "1/2-1/2"]
[WhiteElo "2552"]
[BlackElo "2492"]
[PlyCount "39"]
[EventDate "2004.07.03"]
[EventType "swiss"]
[EventRounds "9"]
[EventCountry "NOR"]
[SourceTitle "CBM 101 Extra"]
[Source "ChessBase"]
[SourceDate "2004.09.01"]
[SourceVersion "2"]
[SourceVersionDate "2004.09.01"]
[SourceQuality "1"]

1. d4 {Krasenkow,Michal} Nf6 2. c4 g6 3. Nc3 d5 4. cxd5 Nxd5 5. e4 Nxc3 6. bxc3 Bg7 7. Bc4 c5 8. Ne2 O-O 9. Be3 Nc6 10. O-O Na5 11. Bd3 b6 12. Rc1 e6 ({RR} 12... e5 13. dxc5 ({RR} 13. d5 c4 14. Bc2 Bd7 15. Rb1 Nb7 16. Ba4 Bxa4 17. Qxa4 Nd6 18. f3 f5 19. Qc2 fxe4 20. fxe4 Qh4 21. Ng3 Bh6 22. Qd2 Bxe3+ 23. Qxe3 Rf4 24. Rfe1 Raf8) 13... Be6 ({RR} 13... Qc7 14. cxb6 axb6 15. c4 Nb7 16. Nc3) 14. c4 bxc5 15. Bxc5 Re8 16. Be3 Re7 17. Qc2 Rd7 18. Rfd1 Nc6 ({RR} 18... Rb8 19. c5) 19. a3 Qa5 20. Nc3 Qxa3 21. Nd5 Rc8 22. Ra1 Qf8 23. Ra6 Nb4 ({RR} 23... Bxd5 24. exd5 Nb4 25. Qa4) 24. Nxb4 Qxb4 25. Rb1 Qf8 26. c5 Bh6 27. Bxh6 {Topalov,V (2801)-Svidler,P (2765) Morelia/Linares 2006 CBM 112 [Krasenkow,Michal] 1-0 (44)}) 13. e5 $146 ({RR} 13. Qd2 Bb7 14. h4 e5 15. dxc5 Qxh4 16. cxb6 axb6 17. Qc2 b5 18. Rb1 Bc6 19. Rb4 Rfb8 20. Rfb1 Bf8 21. a4 Bxb4 22. cxb4 Nc4 23. Bxc4 bxc4 24. Nc3 Rd8 25. b5 Bb7 26. f3 Rd3 27. Bb6 Qg5 {Wagner,D (2287)-Jeitz,C (2165) Pardubice 2011 ½-½ (41)}) ({RR} 13. Qd2 Bb7 14. h4 Rc8 15. h5 Qe7 16. h6 Bh8 17. e5 f6 18. f4 Rfd8 19. Rfd1 f5 20. Qe1 c4 21. Bc2 b5 22. Rb1 a6 23. Bf2 Qf8 24. Bh4 Qxh6 25. Bxd8 Rxd8 26. a4 Bc6 27. axb5 axb5 {Agibileg,U (2411)-Mamedyarov,S (2733) Almaty KAZ 2024 0-1 (50)}) ({RR} 13. dxc5 Qc7 14. cxb6 axb6 15. Nd4 Nc4 16. Bxc4 Qxc4 17. Qb3 Ba6 18. Rfd1 Rfc8 19. Qxb6 Rab8 20. Qd6 Rb2 21. a3 Bb7 22. Nf3 Qxe4 23. Qe7 Bf8 24. Rd8 Rxd8 25. Qxd8 Qd5 26. Qxd5 Bxd5 27. c4 Bxf3 {Svensson,S (2102)-Jansa,V (2478) Rijeka 2011 0-1 (88)}) 13... Bb7 14. Nf4 Nc6 15. Be4 Qd7 16. Qf3 Rab8 17. Rfd1 cxd4 18. cxd4 Ne7 19. d5 Nxd5 20. Bxd5 1/2-1/2